000 00707cab a22001935a 4500
001 L156754
008 120710e20120630xxk 000 0 eng d
035 _a(Sirsi) u156754
041 0 _aeng
100 1 _aHeighton, Mark
245 0 0 _aFirm Foundations
260 _c2012
490 _aEstates Gazette
_v(1226) 30 June 2012, 88-90(3)
520 _aOutlines the key issues of setting up forward funding with a developer. Under this arrangement the fund acquires the land before the development commences and then pays all the construction and ancillary costs after the developer completes the project.
590 _aKA
651 4 _aUnited Kingdom
690 _aCommercial property
_96227
942 _n0
999 _c84141
_d84141